| 000 | 02316nam a22003497a 4500 | ||
|---|---|---|---|
| 001 | 102247 | ||
| 003 | KnowledgeUnlatched | ||
| 005 | 20210303105030.0 | ||
| 006 | m o d | ||
| 007 | cr u|||||||||| | ||
| 008 | 210129p20142019mau o u00| u eng d | ||
| 037 | _5BiblioBoard | ||
| 245 | 0 | 0 |
_aModern Slavery _bA Comparative Study of the Definition of Trafficking in Persons / _cDominika Borg Jansson. |
| 020 | _a9789004281066 | ||
| 029 | 1 | _ahttps://library.biblioboard.com/ext/api/media/6c760751-94ec-4c0e-bbb8-60687341b446/assets/thumbnail.jpg | |
| 040 |
_aScCtBLL _cScCtBLL |
||
| 100 | 1 |
_aJansson, Dominika Borg _eauthor. |
|
| 264 | 1 | _bBrill, | |
| 300 | _a1 online resource (1 p.) | ||
| 506 | 0 |
_aAccess copy available to the general public. _fUnrestricted _2star |
|
| 520 | _aIn Modern Slavery - A Comparative Study of the Definition of Trafficking in Persons Dominika Borg Jansson discusses why, despite international anti-trafficking efforts, there are so few trafficking convictions worldwide. In an easily accessible language, the author explains why international legal harmonization in this area has been difficult. Making use of the concept of legal transplants, Dominika Borg Jansson compares experiences from Sweden, Poland and Russia offering insights into especially Russian legislation that are not widely available. The problems concerning the implementation of the international definition of trafficking are here divided into country-specific challenges and obstacles attributable to the original source. Jansson also addresses the effectiveness of criminalization of trafficking and offers suggestions on how future trafficking legislation might be framed. | ||
| 588 | 0 | _aDescription based on print version record. | |
| 590 | _aKU Select 2018: HSS Backlist Books | ||
| 650 | 7 |
_aPolitical Science _2bisacsh |
|
| 650 | 0 | _aPolitical science | |
| 655 | 0 | _aElectronic books. | |
| 758 |
_iIs found in: _aKnowledge Unlatched _1https://openresearchlibrary.org/module/2774bc74-146a-484f-a7ba-ab1d6a09bbfb |
||
| 856 | 4 | 0 |
_uhttps://openresearchlibrary.org/content/6c760751-94ec-4c0e-bbb8-60687341b446 _zView this content on Open Research Library. _70 |
| 999 |
_c33326 _d33326 |
||